000 00931nam a22002537a 4500
008 240608b mp ||||| |||| 00| 0 mon d
020 _a978-99973-1-761-2
035 _a18592
040 _aDU1548031
_bmon
_cMN-UlNLM
_dMN-UlNLM
_erda
041 _amon
042 _a45405
084 _2NNA
_a84(4ИхБр)
_bК-92
100 _aКинни Ж.
245 0 _aТүгжигдсэн нь
264 _aУлаанбаатар
_bАдмон ХХК
_c2011
300 _a216
336 _2rdacontent
_atext
_btxt
337 _2rdamedia
_aunmediated
_bn
338 _2rdacarrier
_avolume
_bnc
490 _aДүрсгүй жаалын өдрийн тэмдэглэл
_v6
650 _aДунд сургуульд тохиолдсон адал явдлын тухай Грегийн тэмдэглэл. дунд ангийнханд, Хүүхдийн комик зохиол...
942 _2NNA
_cBK
999 _c843381
_d843438